00752nac a22002297a 4500001001000000003000900010005001700019008003400036040005400070072000800124110011300132245008500245260003600330300000900366490007100375500001300446650001800459650001000477650001300487650001200500650001000512BR8603436BR-BrBNA20240105120440.0230509b bl.|||m| |||| 00| 0 por d aBR-BrBNAbporcBiblioteca Nacional de Agricultura aE701 aSecretaria do Planejamento, Ciencia e Tecnologia, Salvador, BA (Brasil). Centro de Estatistica e Informacoes1 aIndice de precos ao consumidor [custo de vida, alimento, consumo, Bahia, Brasil]3 aSalvador, BA (Brasil): c1986.  a4 p. aIndice de Precos ao Consumidor (Brazil)vv. 10(03)xISSN 0102-0722 a5 tables aCUSTO DE VIDA aPRECO aALIMENTO aCONSUMO aBAHIA